| 000 | 01122nam a22002291a 4500 | ||
|---|---|---|---|
| 001 | 18411 | ||
| 003 | OSt | ||
| 005 | 20260204212404.0 | ||
| 008 | 171120s2017||||dr ||||||b||||||||||spa|| | ||
| 090 | _aEDU-CS 2017 S45 | ||
| 100 | 1 |
_aSilvia Sánchez,Fanny Altagracia _esustentante |
|
| 245 | 1 | _aIntegración de los espacios abiertos al proceso de enseñar Historia y Geografía Distrito 16-03/ Fanny Altagracia Silvia Sánchez, Manuel Serafín Vargas Fernández y Rafaelina Altagracia Santos Castillo | |
| 260 |
_aCotuí, República Dominicana : _bUTECO, _c2017 |
||
| 300 |
_a74 hojas : _bIlustraciones ; _c28cm. |
||
| 502 | _aTrabajo de grado (Licenciatura en Educación, Mención Sociales)--Universidad Tecnológica del Cibao Oriental, 2017 | ||
| 504 | _aIncluye referencia bibliográfica e índice | ||
| 650 | 4 | _aIntegración de los espacios abiertos al proceso de enseñar | |
| 700 | 1 |
_a Vargas Fernández, Manuel Serafín _esustentante |
|
| 700 | 1 |
_a Santos Castillo, Rafaelina Altagracia _esustentante |
|
| 830 | _aTesis y disertaciones académicas (Universidad Tecnológica del Cibao Oriental) | ||
| 942 |
_2LC _cTH |
||
| 999 |
_c18411 _d18411 |
||